Drsnost povrchu /

Na minha lista:
Detalhes bibliográficos
Main Authors: Bumbálek, Bohumil (Author), Odvody, Vladimír (Author), Ošťádal, Bohuslav (Author)
Formato: Livro
Idioma:tcheco
Publicado em: Praha : SNTL, 1989
Tags: Adicionar Tag
Sem tags, seja o primeiro a adicionar uma tag!

MARC

LEADER 00000nam a22000003a 4500
001 stu467
005 20150617225618.9
008 910529s1989----cs------------------cze-d
040 |a STU  |b slo 
041 0 |a cze 
044 |a cs 
080 |a 539.211  |7 stu_us_auth*stu7976 
080 |a 531.72 
100 1 |a Bumbálek, Bohumil  |4 aut 
245 1 |a Drsnost povrchu /  |c [aut.] Bumbálek,B.; Odvody,V.; Ošťádal,B 
260 |a Praha :  |b SNTL,  |c 1989 
300 |a 338 s 
700 1 |a Odvody, Vladimír  |4 aut 
700 1 |a Ošťádal, Bohuslav  |4 aut 
996 |b E69796  |c E*69796  |l EE15  |s P  |a 0  |w stu467_0001